Morning Comes Softly (Record no. 209547)

MARC details
000 -LEADER
fixed length control field 00496nam a22001577a 4500
008 - FIXED-LENGTH DATA ELEMENTS--GENERAL INFORMATION
fixed length control field 240318b |||||||| |||| 00| 0 eng d
020 ## - INTERNATIONAL STANDARD BOOK NUMBER
International Standard Book Number 978-0-06-1080630
050 ## - LIBRARY OF CONGRESS CALL NUMBER
Item number 1
100 ## - MAIN ENTRY--PERSONAL NAME
Personal name MACOMBER DEBBIE,
245 ## - TITLE STATEMENT
Title Morning Comes Softly
260 ## - PUBLICATION, DISTRIBUTION, ETC.
Place of publication, distribution, etc. NEW YORK,
Name of publisher, distributor, etc. AVON BOOKS AN IMPRINT OF HARPER COLLINS PUBLISHERS,
Date of publication, distribution, etc. 1993,
300 ## - PHYSICAL DESCRIPTION
Extent Viii, 374 P, ILL
650 ## - SUBJECT ADDED ENTRY
Topical term or geographic name entry element Bride price-Fiction, Librarians-Fiction, Courtship-Fiction, Orphans--Fiction
942 ## - ADDED ENTRY ELEMENTS (KOHA)
Source of classification or shelving scheme Library of Congress Classification
Koha item type Long Loan Book
Holdings
Withdrawn status Lost status Source of classification or shelving scheme Damaged status Not for loan Collection Home library Current library Date acquired Inventory number Total checkouts Full call number Barcode Date last seen Date last checked out Copy number Price effective from Koha item type
    Library of Congress Classification     Fiction & Motivational Kisii University Library Kisii University Library 03/18/2024 072630 3 PS 3563. A2364 M33 1993 000000003066 11/08/2025 11/06/2025 1 03/18/2024 Long Loan Book